000
00328 a2200157 4500
001
45263
020
_a
9788560820221
040
_c
Anchieta - Aquarius
100
_a
Zimet, Ben
240
1
0
_a
=O Colombo de Chelem
_l
por
245
1
0
_a
=O Colombo de Chelem
300
_a
79
362
0
_a
2007
650
4
_a
Romance
942
_c
BK
999
_c
45263
_d
45263